Southville International School and Colleges
Your cart is empty.
  • Cart
  • Lists
    Public lists Eva Luna New books Lux_list list_1
    Your lists Log in to create your own lists
  • Log in to your account
  • Your cookies
  • Search history
Southville International School and Colleges
  • Advanced search
  • Recent comments
  • Most popular
  • Libraries

Log in to your account

Log in with GOOGLE


If you do not have an external account, but do have a local account, you can still log in:

  1. Home
  2. MARC view: Essentials of nursing leadership & management/.
Normal view MARC view ISBD view

Essentials of nursing leadership & management/. (Record no. 20871)

[ view plain ]
MARC details
000 -LEADER
fixed length control field 00533nam a2200181 a 4500
005 - DATE AND TIME OF LATEST TRANSACTION
control field 20140310183257.0
008 - FIXED-LENGTH DATA ELEMENTS--GENERAL INFORMATION
fixed length control field 041104s19uu xx 00 eng d
050 ## - LIBRARY OF CONGRESS CALL NUMBER
Classification number R 89
Item number .K45 2005
100 ## - MAIN ENTRY--PERSONAL NAME
Personal name Heidenthal, Patricia Kelly
245 ## - TITLE STATEMENT
Title Essentials of nursing leadership & management/.
300 ## - PHYSICAL DESCRIPTION
Extent 400 p. :
Other physical details ill .;
Dimensions 25 cm.
521 ## - TARGET AUDIENCE NOTE
Target audience note
650 ## - SUBJECT ADDED ENTRY--TOPICAL TERM
Topical term or geographic name as entry element Nursing services
General subdivision Administration.
650 ## - SUBJECT ADDED ENTRY--TOPICAL TERM
Topical term or geographic name as entry element Leadership
General subdivision Outline, syllabi, etc.
650 ## - SUBJECT ADDED ENTRY--TOPICAL TERM
Topical term or geographic name as entry element Nursing research
General subdivision Outlines.
942 ## - ADDED ENTRY ELEMENTS (KOHA)
Koha item type Books
Source of classification or shelving scheme Library of Congress Classification
Call number prefix Foreign
Holdings
Withdrawn status Lost status Source of classification or shelving scheme Damaged status Home library Current library Shelving location Date acquired Total Checkouts Full call number Barcode Date last seen Copy number Price effective from Koha item type
    Library of Congress Classification   College Library College Library General Circulation Section 01/13/2014   R 89 .K45 2005 C5596 05/15/2018 1 01/13/2014 Books

Essentials of nursing leadership & management/.

APA

Heidenthal P. K., .Essentials of nursing leadership & management. : .

Chicago

Heidenthal Patricia Kelly, .Essentials of nursing leadership & management. : .

Harvard

Heidenthal P. K., .Essentials of nursing leadership & management. : .

MLA

Heidenthal Patricia Kelly, .: . .

  • Place hold
  • Print
  • Cite
  • Add to your cart (remove)
  • Save record
    BIBTEX Dublin Core MARCXML MARC (non-Unicode/MARC-8) MARC (Unicode/UTF-8) MARC (Unicode/UTF-8, Standard) MODS (XML) RIS
  • More searches
    Search for this title in:
    Other Libraries (WorldCat) Other Databases (Google Scholar) Online Stores (Bookfinder.com) Open Library (openlibrary.org)

Exporting to Dublin Core...

SOUTHVILLE LIBRARY

Southville International School and Colleges Library

1281 Tropical Ave. Cor. Luxembourg St., BF Homes International, Las Pinas City

Tel. No. 8256374 / 252358 Loc. 117/146

Powered by Koha